| 000 | 01274cam a2200289 4500 | ||
|---|---|---|---|
| 001 | M1800 | ||
| 008 | 090401t1994 xxu||||| |||| 00| 0 eng d | ||
| 035 | _a(Sirsi) u34603 | ||
| 041 | _aeng | ||
| 050 | _a333.335 | ||
| 090 | _aRICS 1994/96A | ||
| 110 |
_aRoyal Institution of Chartered Surveyors _94900 |
||
| 245 | _aTomorrow`s Countryside ... (conference held at) Royal Institution of Chartered Surveyors, 11th November 1994. | ||
| 260 |
_aLondon _bRICS Conferences & Training _c1994 |
||
| 300 | _a11 items in folder ; 30cm. | ||
| 350 | _a0 | ||
| 520 | _aConference papers: Programme. - Biographical Notes. - Attendance List. - Keynote address the challenge for the chartered surveyor. / PARDOE, T. - New markets in the public sector. / HYMAS, M. - The evolution of CAP and GAP. / WARD, J. - The client needs research. / LOWRY, M. - The farming perspective. / MALCOLM, J. - Conservation and the environment. / DUBERLY, H. - Taking the blinkers off. / HOARE, D. - Farming and land tenure. / PRIDMORE, P. | ||
| 650 | _aABOUT RICS-RICS MEMBERS | ||
| 650 | _aCONFERENCES | ||
| 650 | _aLAND TENURE | ||
| 650 | _aRURAL PRACTICE DIVISION | ||
| 650 | _aRURAL PRACTICE | ||
| 650 | _aTOMORROWS COUNTRYSIDE | ||
| 690 | _aLAND | ||
| 942 | _n0 | ||
| 948 | _c04/03/1997 | ||
| 999 |
_c89970 _d89970 |
||